000 00747nam a2200229Ia 4500
003 OSt
005 20220923220957.0
006 a|||||r|||| 00| 0
007 ta
008 220922b |||||||| |||| 00| 0 hin d
024 _a193,170
037 _cTextual
040 _aARTS
_cARTS
_bhin
041 _2hin
_ahin
082 _aV2:22wK42, 152F3
100 _aविद्याविजय
245 0 _aसूरीश्वर और सम्राट अकबर, अनु कृष्णलाल वर्मा
246 _aSūrīshvar aur samrāṭ akabara, anu0 kṛuṣhṇalāl varmā
260 _c1923
942 _hV2:22wK42, 152F3
_cTEXL
_2CC
999 _c345661
_d345661